000 00418nam a2200181Ia 4500
005 20240823034251.0
008 240823s9999||||xx |||||||||||||| ||und||
041 _aMALAYALAM
082 _A894.8123 Q2
100 _aChavara k S Pillai
245 0 _aKuttikalude Changampuzha
250 _a1st
260 _c2012
_bKeerthi
500 _aDISPLAY
650 _aLiterature
_bGeneral
942 _cBK
999 _c197829
_d197829